000 00632nam a2200277Ia 4500
001 81121
003 157748
005 20241128123210.0
008 ||||||n9999 ||| || ||
082 _221
_a194
245 0 _aDiálogos
562 _e1
650 0 _aFilosofía francesa
_91684
650 0 _aPensamiento crítico
_9102263
650 _aPENSAMIENTO FILOSÓFICO
_91668
650 0 _a Psicoanálisis
_9968
655 _aCRITICA E INTERPRETACION
_9497
942 _cBKM
999 _c81121
_d81121
526 _a102620
526 _a105630
526 _a1698
526 _a4969
526 _a19790
526 _a104436
526 _a1703